Manual del contador en la justicia (Registro nro. 7376)

Detalles MARC
000 -LEADER
fixed length control field 01124 a2200217 4500
001 - CONTROL NUMBER
control field 61724
005 - DATE AND TIME OF LATEST TRANSACTION
control field 20260407155907.0
008 - FIXED-LENGTH DATA ELEMENTS--GENERAL INFORMATION
fixed length control field 260407a1986 arg spa d
003 - CONTROL NUMBER IDENTIFIER
control field AR-UNSa-BCEJYS
040 ## - CATALOGING SOURCE
Original cataloging agency AR-UNSa-BCEJYS
Language of cataloging spa
Transcribing agency AR-UNSa-BCEJYS
080 ## - UNIVERSAL DECIMAL CLASSIFICATION NUMBER
Universal Decimal Classification number 657:34
Common auxiliary subdivision (Rol del contador en la justicia. Contabilidad y procedimientos judiciales.)
020 ## - INTERNATIONAL STANDARD BOOK NUMBER
International Standard Book Number 978-950-9414-12-9
041 ## - LANGUAGE CODE
Language code of text/sound track or separate title spa
100 1# - MAIN ENTRY--PERSONAL NAME
Personal name Hurtado, Emilio Ramón
245 10 - TITLE STATEMENT
Title Manual del contador en la justicia
Name of part/section of a work Conocimientos básicos para egrsados y estudiantes de ciencias económicas
264 #1 - PRODUCTION, PUBLICATION, DISTRIBUTION, MANUFACTURE, AND COPYRIGHT NOTICE
Place of production, publication, distribution, manufacture San Miguel de Tucumán :
Name of producer, publisher, distributor, manufacturer Ediciones El Graduado
Date of production, publication, distribution, manufacture, or copyright notice 1986
300 ## - PHYSICAL DESCRIPTION
Extent 337 p.
Dimensions 22 cm.
505 ## - FORMATTED CONTENTS NOTE
Formatted contents note 1. Organización de la justicia - 2. El juicio – 3. Los términos o plazos procesales – 4. Terminología Jurídica – 5. Parentesco – 6. Recursos – 7. Prueba – 8. El contador como perito judicial – 9. Medidas Cautelares – 10. El contador como árbitro o amigable componedor – 11. El contador en las sucesiones – 12. Sociedades – 13. Lectura crítica de instrumentos
590 ## - LOCAL NOTE (RLIN)
Local note niveau_biblio:m niveau_hierar:0
942 ## - ADDED ENTRY ELEMENTS (KOHA)
Koha item type
Existencias
Withdrawn status Lost status Damaged status Not for loan Home library Current library Shelving location Date acquired Total checkouts Full call number Barcode Date last seen Price effective from Koha item type
        Biblioteca Prof. Eusebio Cleto del Rey Biblioteca Prof. Eusebio Cleto del Rey   07/04/2026   657:34 H967 L53223 07/04/2026 07/04/2026 Libro